| 000 | 00784nam a2200217 i 4500 | ||
|---|---|---|---|
| 001 | 22690 | ||
| 003 | ES-MaACL | ||
| 005 | 20230906152736.0 | ||
| 007 | t| | ||
| 008 | 021204s1948 sp |||| | spa d | ||
| 100 | 1 |
_aAlmela i Vives, Francesc. _920131 |
|
| 245 | 1 | 3 |
_aEl "Llibre del Mustaçaf" y la vida en la ciudad de Valencia a mediados del siglo XVI / _cFrancisco Almela y Vives. |
| 260 |
_aCastellón de la Plana : _bSociedad Castellonense de Cultura, _c1948 ( _fFrancisco Armengot) |
||
| 300 |
_a30 p. ; _c21 cm. |
||
| 490 | 1 |
_aArte e historia ; _v9 |
|
| 650 | 4 |
_aAlmotacén- _zValencia- _vHistoria. _9168194 |
|
| 651 | 4 |
_aValencia- _xUsos y costumbres- _yS.XVI. _9168193 |
|
| 830 | 0 |
_aArte e historia ; _v9 _9229009 |
|
| 852 |
_aES-MaACL _j1651-F-18 |
||
| 999 |
_c22690 _d22690 |
||